| 000 | 00873cam a2200229 4500 | ||
|---|---|---|---|
| 001 | WB3601-08 | ||
| 008 | 000000n1999 000 0 eng u | ||
| 035 | _a(Sirsi) u103382 | ||
| 245 | _aCommercial property set for rapid growth | ||
| 260 | _c1999 | ||
| 490 |
_aSunday Business _v26 December 1999, 18(1) |
||
| 520 | _aNorwich Union Investment Management predicts that the economic climate that has pushed house prices up is about to produce an increase in commercial property values. Discusses possible influences over the next year. | ||
| 590 | _aWB | ||
| 650 | _aPROPERTY-COMMERCIAL PROPERTY-COMMERCIAL PROPERTY MARKET | ||
| 650 | _aECONOMICS | ||
| 650 | _aPREDICTIONS | ||
| 650 | _aFORECASTS | ||
| 650 | _aINVESTMENT MARKET | ||
| 650 | _aINVESTMENT FUNDS | ||
| 690 | _aPROPERTY-COMMERCIAL PROPERTY-COMMERCIAL PROPERTY FINANCE AND INVESTMENT | ||
| 942 | _n0 | ||
| 999 |
_c62130 _d62130 |
||